000 00609nam a22001937a 4500
003 OSt
005 20260422013527.0
008 260422b |||||||| |||| 00| 0 eng d
020 _a971-08-6084-4
040 _aDWCL-Main lib
_cOC
082 _aCirc. 221 B174i 1998
100 _aBaker, Kenneth S.J.
245 _aInside the Bible :
_ban introduction to each book of the Bible/
_cBaker, Kenneth S.J.
260 _aSan Francisco :
_bIgnatius Press,
_cc1998.
300 _a373 pages. ;
_c20 cm.
504 _ainclude bibliography
650 _aBible--Study and teaching.
942 _2ddc
_cBK-CIRC
_hCirc.
_n0
999 _c9641
_d9641